Statystyki dla Quiz o Kongresowym Królestwie Polskim

Kliknij tutaj aby rozwiązać quiz!

Ogólne statystyki

  • Ten quiz został rozwiązany 10 razy
  • Średni wynik to 6 z 15

Statystyki odpowiedzi

PytanieOdpowiedź:% Poprawnych
StolicaWarszawa
100%
Język urzędowypolski
89%
Lata istnienia1815-1832
67%
Ostatni KrólMikołaj I
67%
Pierwszy KrólAleksander I
56%
Rok likwidacji1832
44%
Zależne od
Cesarstwa
Rosyjskiego
44%
Ustrój polityczny
monarchia
konstytucyjna
33%
Typ państwaKrólestwo
33%
Religia dominującarzymsko katolicyzm
33%
Walutazłoty polski
33%
Liczba ludności
(1815)
3 200 000
22%
Powierzchnia
całkowita
(w km2)
128,500 km2
11%
Gęstość zaludnienia
(w km2)
24,9 osoby/km2
11%
Grupy etniczne
Polacy
(dominujący)
Niemcy,Żydzi
0%

Rozkład punktacji

Percentyl według liczby udzielonych odpowiedzi

Procent ludzi z każdym wynikiem

Twoja historia wyników

Nie rozwiązałeś tego quizu